00972nam a2200289 i 4500003000900000005001700009007000300026008004100029020001000070040003000080082000700110100004500117245005400162250002100216264005100237300002800288336002700316337003300343338002800376586003200404586003900436590002600475910001500501942001400516952013500530999001700665DO-SdBNP20240828110242.0ta240828b1966 sp ||||| |||| 00| 0 spa d a36441 aDO-SdBNPbspacBNPHUerda 4222 aMatute, Ana María,d1926-94724eautor14aLos hijos muertos :bnovela /cAna María Matute aCuarta edición1 aBarcelona, Madrid :bEditorial Planeta,c1963. a557 páginas ;c22 cm. 2rdacontentatextobtxt 2rdamediaasin mediaciónbn 2rdacarrieravolumenbnc aPremio de la Crítica 1958 aPremio Nacional de Literatura 1959 aInventariado, 2024/BT aBtavárez 2ddccLBS1 00102ddc56708GRaBNPHUbBNPHUcCTd2024-08-28eDonado por Felix Reyes T.l0oBNPHU GRp2024-5135r2024-08-28w2024-08-28yLBS1 c57572d57572